[Event "BCF-ch"]
[Site "Ayr"]
[Date "1978.08.08"]
[Round "2"]
[White "Clarke, Peter H"]
[Black "Short, Nigel D"]
[Result "0-1"]
[WhiteElo "2345"]
[BlackElo "2225"]

1.d4 e6 2.c4 b6 3.Nc3 Bb4 4.Qc2 Bb7 5.a3 Bxc3+ 6.Qxc3 f5 7.b3 Nf6 8.f3 O-O
9.e3 Qe8 10.Bb2 c5 11.dxc5 bxc5 12.Nh3 Nc6 13.b4 e5 14.Be2 f4 15.b5 Nd8 16.Qxe5 fxe3
17.Qxc5 d5 18.Rc1 Rc8 19.Qd4 Ne6 20.Qxe3 d4 21.Bxd4 Nxd4 22.Qxd4 Rd8 23.Qb2 Ng4
24.fxg4 Bxg2 25.Rg1 Bxh3 26.Qc3 Qf7 27.Qg3 Qf6 28.Rc3 Rde8 29.Kd1 Qd4+ 30.Kc1 Rxe2
31.Rd1 Rf1 32.Qb8+ Kf7 33.Rf3+ Kg6 34.Qd6+ Qxd6  0-1

[Event "BCF-ch"]
[Site "Ayr"]
[Date "1978.08.09"]
[Round "3"]
[White "Short, Nigel D"]
[Black "Littlewood, John Eric"]
[Result "0-1"]
[WhiteElo "2225"]
[BlackElo "2350"]

1.e4 e5 2.Nf3 Nc6 3.Bb5 g6 4.O-O Bg7 5.c3 d6 6.h3 Nf6 7.Re1 O-O 8.d4 Bd7
9.Nbd2 exd4 10.cxd4 Re8 11.a3 a6 12.Ba4 h6 13.Bc2 Nh7 14.d5 Nd4 15.Nxd4 Bxd4
16.Nf3 Bg7 17.Rb1 Ng5 18.Nh2 c6 19.Bd2 Rc8 20.Bd3 Qb6 21.Ng4 cxd5 22.exd5 Rxe1+
23.Bxe1 Qd4 24.Be2 Qxd1 25.Bxd1 Bf5 26.Ra1 Bxb2 27.Ra2 Bg7 28.Ne3 Bb1 29.Re2 Ne4
30.Bb4 Bd3 31.Ra2 Bb1 32.Re2 Bd3 33.Ra2 Rc1 34.Kh2 Bd4 35.Bb3 Nxf2 36.Rxf2 Bxe3
37.Rf3 Bg1+ 38.Kg3 Be2 39.Rf4 Bc5 40.Bxc5 Rxc5 41.Kf2 Rb5 42.Ba4 Rb2 43.Kg1 Bb5  0-1

[Event "BCF-ch"]
[Site "Ayr"]
[Date "1978.08.10"]
[Round "4"]
[White "Findlay, David John"]
[Black "Short, Nigel D"]
[Result "1-0"]
[WhiteElo "2290"]
[BlackElo "2225"]

1.e4 e6 2.d4 d5 3.Nc3 Bb4 4.e5 c5 5.Qg4 Ne7 6.dxc5 Nbc6 7.Bd2 O-O 8.Bd3 f5
9.exf6 Rxf6 10.Qh4 h6 11.f4 Bxc5 12.Nf3 Nb4 13.g4 Nxd3+ 14.cxd3 Qf8 15.Ne2 Ng6
16.Qg3 Bd6 17.O-O Bd7 18.Ne5 Be8 19.Rac1 a5 20.h4 Qe7 21.g5 hxg5 22.hxg5 Rf8
23.Kg2 Bb4 24.Be3 Rd8 25.Nd4 Nxe5 26.fxe5 Rxf1 27.Rxf1 Bg6 28.Rh1 Bxd3 29.g6 Be4+
30.Nf3 Bxf3+ 31.Qxf3  1-0

[Event "BCF-ch"]
[Site "Ayr"]
[Date "1978.08.17"]
[Round "10"]
[White "Short, Nigel D"]
[Black "Haygarth, Michael J"]
[Result "1/2-1/2"]
[WhiteElo "2225"]
[BlackElo "2360"]

1.e4 e6 2.d4 d5 3.Nc3 Bb4 4.Ne2 dxe4 5.a3 Be7 6.Nxe4 Nc6 7.Bf4 Nf6 8.Qd3 O-O
9.O-O-O Nxe4 10.Qxe4 Bd6 11.h4 Qe7 12.h5 e5 13.dxe5 Bxe5 14.Bxe5 Qxe5 15.Nc3 Qxe4
16.Nxe4 h6 17.f3 b6 18.Bc4  1/2-1/2

[Event "BCF-ch"]
[Site "Ayr"]
[Date "1978.08.18"]
[Round "11"]
[White "Eley, Brian"]
[Black "Short, Nigel D"]
[Result "1/2-1/2"]
[WhiteElo "2340"]
[BlackElo "2225"]

1.e4 e6 2.d4 d5 3.Nc3 Bb4 4.e5 c5 5.a3 Bxc3+ 6.bxc3 Qc7 7.Nf3 Ne7 8.Bd3 b6
9.O-O Ba6 10.a4 Bxd3 11.Qxd3 Nd7 12.Ba3 Rc8 13.c4 dxc4 14.Qxc4 O-O 15.a5 bxa5
16.Ng5 Nf5 17.c3 Qc6 18.Rfd1 h6 19.Nf3 Rfe8 20.h3 Nb6 21.Qa6 cxd4 22.cxd4 Nd5
23.Qxc6 Rxc6 24.Bc5 Ra6 25.Rd3 Nfe7 26.Nd2 Nc6 27.Rda3 Rb8 28.Ne4 g5 29.g3 Kg7
30.Kg2 Rb5 31.Nd6 Rb2 32.Nc4 Rc2 33.Nxa5 Nxe5 34.dxe5 Rxc5 35.Nb7 Rxa3 36.Rxa3 Rc7
37.Nd6 Kg6 38.Nb5 Rc5 39.Nd6 a5 40.Ne4 Rc7 41.Rxa5 Kf5 42.Nf6 Nxf6 43.exf6+ Kxf6
44.Rb5 Kg6 45.Rb6 Kf5 46.Rb5+ e5 47.Rb6 f6 48.g4+ Kg6 49.Ra6 h5 50.Ra8 Rc4
51.Kg3 h4+ 52.Kg2 e4 53.Ra7 Rc2 54.Re7 Rc4 55.Kh2 Ra4  1/2-1/2

[Event "Aaronson"]
[Site "London"]
[Date "1978.??.??"]
[Round "9"]
[White "Short, Nigel D"]
[Black "Goodman, David SC"]
[Result "1-0"]
[WhiteElo "2225"]
[BlackElo "2320"]

1.e4 b6 2.d3 Bb7 3.Nf3 g6 4.g3 Bg7 5.Bg2 c5 6.O-O Nc6 7.Re1 d6 8.c3 Nf6 9.d4 cxd4
10.cxd4 e5 11.d5 Ne7 12.Nc3 O-O 13.b3 Qd7 14.Bb2 Nh5 15.Nd2 Ba6 16.Bf3 Bh6
17.Nf1 Ng7 18.Be2 Bb7 19.a4 f5 20.f3 a6 21.Qd3 Ne8 22.Nd2 f4 23.g4 Bg5 24.Nc4 Nc8
25.Kg2 Bh4 26.Rh1 h5 27.h3 Qe7 28.Na2 Bg3 29.Bd1 Qh4 30.Qe2 Ra7 31.Nb4 Ba8
32.Bc2 Qg5 33.a5 Rh7 34.axb6 Nf6 35.Qd3 Bb7 36.Rag1 Qh4 37.Qe2 Kf7 38.Na5 Rfh8
39.Nxb7 hxg4 40.Bd1 gxh3+ 41.Kf1 Nxb6 42.Nxd6+ Kg7 43.Bxe5 Nd7 44.Bd4 Kg8
45.Qxa6 Be1 46.Qc8+ Nf8 47.Rxg6+  1-0

[Event "BCF-ch"]
[Site "Chester"]
[Date "1979.??.??"]
[Round "2"]
[White "Fuller, Maxwell L"]
[Black "Short, Nigel D"]
[Result "1-0"]
[WhiteElo "2380"]
[BlackElo "2260"]

1.e4 e6 2.d4 d5 3.Nd2 Nf6 4.e5 Nfd7 5.f4 c5 6.c3 Nc6 7.Ndf3 Qa5 8.Be3 b5
9.a3 c4 10.Ne2 Qc7 11.g3 Nb6 12.h4 a5 13.Bg2 h5 14.O-O Bd7 15.f5 exf5 16.Ng5 Be6
17.Nf4 Qd7 18.Bf3 Nd8 19.Bxh5 g6 20.Nxg6 fxg6 21.Bxg6+ Nf7 22.Nxe6 Qxe6 23.Bxf5 Qc6
24.Qg4 Nh6 25.Bg6+ Kd8 26.Rxf8+ Kc7 27.Bxh6 Raxf8 28.Bxf8 Rxf8 29.Rf1 Rxf1+
30.Kxf1 Na4 31.e6 Nxb2 32.e7 Nd1 33.Qf4+  1-0

[Event "BCF-ch"]
[Site "Chester"]
[Date "1979.??.??"]
[Round "4"]
[White "Littlewood, John Eric"]
[Black "Short, Nigel D"]
[Result "1/2-1/2"]
[WhiteElo "2375"]
[BlackElo "2260"]

1.e4 e6 2.d4 d5 3.Nc3 Bb4 4.Ne2 dxe4 5.a3 Bxc3+ 6.Nxc3 Nc6 7.Bb5 f5 8.d5 exd5
9.Qxd5 Ne7 10.Qxd8+ Kxd8 11.Bg5 Be6 12.O-O-O+ Kc8 13.Rhe1 a6 14.Bf1 Ng6 15.f3 Rf8
16.Bd2 b6 17.fxe4 f4 18.Nd5 Kb7 19.Bc3 Nge5 20.h4 Rf7 21.Be2 Raf8 22.Nb4 b5
23.Nxc6 Nxc6 24.e5 Kb6 25.Bf3 a5 26.Re4 Rd8 27.a4 Rxd1+ 28.Kxd1 Bd5 29.e6 Re7
30.Re1 Bxf3+ 31.gxf3 bxa4 32.Re4 g6 33.Bf6 Re8 34.Bg5 Kb7 35.Bxf4 Nd8 36.e7 Nc6
37.Bg5 Kc8 38.Rxa4 Nxe7 39.Rxa5 Nc6 40.Ra8+ Nb8 41.Kd2 Kb7 42.Ra3 Nc6 43.Rb3+ Kc8
44.Re3 Rf8 45.c4 Nd4 46.f4 Nf5 47.Re6 h6 48.Bf6 Kd7 49.Ra6 Nd6 50.Bg7 Rxf4
51.c5 Nf5 52.Be5 Rc4 53.b4 Nxh4 54.Kd3 Rxb4 55.c6+ Ke6 56.Bxc7 Nf5 57.Bh2 Rd4+
58.Kc3 Rd1 59.c7+ Kd7 60.Rxg6 Rc1+ 61.Kd3 Rxc7 62.Bxc7 Kxc7 63.Ke4 Ne7 64.Rxh6 Kd7
65.Ke5 Nc6+ 66.Kd5 Ne7+ 67.Kc5 Nf5 68.Rg6 Ne7 69.Rf6 Ng8 70.Kd5 Nxf6+  1/2-1/2

[Event "BCF-ch"]
[Site "Chester"]
[Date "1979.??.??"]
[Round "7"]
[White "Short, Nigel D"]
[Black "Botterill, George Steven"]
[Result "1/2-1/2"]
[WhiteElo "2260"]
[BlackElo "2390"]

1.e4 e5 2.Nf3 Nc6 3.Bb5 a6 4.Ba4 Nf6 5.d4 exd4 6.O-O Be7 7.Re1 O-O 8.e5 Nd5
9.Nxd4 Nxd4 10.Qxd4 Nb6 11.Bb3 d5 12.exd6 Bxd6 13.Bf4 Qh4 14.g3 Qg4 15.h3 Qd7
16.Bxd6 Qxd6 17.Qxd6 cxd6 18.Kh2 Be6 19.Nd2 a5 20.f4 d5 21.a3 Nc4 22.Nxc4 dxc4
23.Ba4 Ra6 24.Bb5 Rd6 25.Rad1 Rxd1 26.Rxd1 g6 27.c3 Rc8 28.a4 Kf8 29.g4 Ke7
30.Kg3 h5 31.Rd4  1/2-1/2

[Event "BCF-ch"]
[Site "Chester"]
[Date "1979.??.??"]
[Round "11"]
[White "Short, Nigel D"]
[Black "Bellin, Robert"]
[Result "1/2-1/2"]
[WhiteElo "2260"]
[BlackElo "2425"]

1.e4 e5 2.Nf3 Nc6 3.Bb5 a6 4.Ba4 Nf6 5.d4 exd4 6.O-O Be7 7.Re1 O-O 8.e5 Ne8
9.c3 dxc3 10.Nxc3 d6 11.exd6 Bxd6 12.Bg5 Nf6 13.Bxc6 bxc6 14.Qa4 h6 15.Bh4 Rb8
16.Rad1 Rb4 17.Qa5 Bg4 18.Rxd6 Qxd6 19.Bg3  1/2-1/2

[Event "Hastings7980"]
[Site "Hastings"]
[Date "1979.??.??"]
[Round "2"]
[White "Short, Nigel D"]
[Black "Zilber, Israel"]
[Result "1-0"]
[WhiteElo "2260"]
[BlackElo "2410"]

1.e4 c6 2.Nc3 d5 3.Qf3 dxe4 4.Nxe4 Nf6 5.Nxf6+ exf6 6.Bc4 Bd6 7.Ne2 O-O 8.d4 Nd7
9.O-O Nb6 10.Bb3 a5 11.c4 a4 12.Bc2 Bc7 13.Bd2 Be6 14.b3 Qd7 15.Bc3 Rfe8
16.Ng3 axb3 17.axb3 Rxa1 18.Rxa1 Bxg3 19.hxg3 Nc8 20.Qd3 f5 21.g4 Ne7 22.Bb4 g6
23.Bc3 f6 24.g5 fxg5 25.d5 Nxd5 26.cxd5 Qxd5 27.Qe3 f4 28.Qb6 c5 29.Re1 Qc6
30.Qxc6 bxc6 31.Bf6 g4 32.Bg5 f3 33.gxf3 gxf3 34.Re3 Bf7 35.Rxe8+ Bxe8 36.Be7 Bf7
37.Bxc5 Bd5 38.Kh2 Kg7 39.Kg3 Kf6 40.Bd4+ Kg5 41.b4 h5 42.Be3+ Kf6 43.Kh4 Bf7
44.Bd4+ Ke7 45.Be4 Be8 46.Bxf3 Kd6 47.Kg5 Ke6 48.Be4 Kd6 49.f4  1-0

[Event "Hastings7980"]
[Site "Hastings"]
[Date "1979.??.??"]
[Round "5"]
[White "Raicevic, Vladimir"]
[Black "Short, Nigel D"]
[Result "1-0"]
[WhiteElo "2440"]
[BlackElo "2260"]

1.d4 e6 2.Nf3 Nf6 3.g3 b6 4.Bg2 Bb7 5.O-O c5 6.b3 Nc6 7.Bb2 Be7 8.c4 Nxd4
9.Nxd4 Bxg2 10.Kxg2 cxd4 11.Qxd4 Qc7 12.Nc3 Qb7+ 13.e4 O-O 14.f3 Rfd8 15.Rfd1 Rac8
16.Rd2 a6 17.e5 Ne8 18.Ne4 Bf8 19.Rad1 Qc6 20.Qd3 h6 21.h4 d5 22.cxd5 Rxd5
23.Qxa6 Ra5 24.Qd3 Rxa2 25.Rc1 Qb7 26.Rxc8 Qxc8 27.Rc2 Qb7 28.h5 Ra5 29.Qc4 Ra8
30.Kh3 Be7 31.Qc6 Qxc6 32.Rxc6 Rb8 33.Bd4 b5 34.Kg4 b4 35.Kf4 Bd8 36.Nc5 Nc7
37.Ke4 Nd5 38.Na6 Ra8 39.Bc5 Bb6 40.Bxb6 Rxa6 41.Rc8+ Kh7 42.Bd4 Ra3 43.Rf8 Rxb3
44.Rxf7 Rb1 45.f4 Rh1 46.f5 Re1+ 47.Kd3 exf5 48.e6 Kg8 49.Rxg7+ Kf8 50.Rd7 Nc3
51.Bc5+ Ke8 52.Re7+ Kd8 53.Bxb4 Rg1 54.Rd7+ Ke8 55.Bxc3 Rxg3+ 56.Kd2 Rg2+
57.Kd1 Rg1+ 58.Ke2 Rg4 59.Rd4 Rg5 60.Bb4 f4 61.e7  1-0

[Event "Hastings7980"]
[Site "Hastings"]
[Date "1979.??.??"]
[Round "9"]
[White "Liberzon, Vladimir M"]
[Black "Short, Nigel D"]
[Result "1-0"]
[WhiteElo "2515"]
[BlackElo "2260"]

1.e4 e6 2.d4 d5 3.Nd2 Nf6 4.e5 Nfd7 5.c3 c5 6.Bd3 b6 7.Ne2 Ba6 8.Bxa6 Nxa6
9.O-O b5 10.Nf3 Nb6 11.h4 c4 12.Bg5 Qd7 13.h5 h6 14.Bh4 b4 15.Nh2 Be7 16.Bxe7 Qxe7
17.f4 bxc3 18.bxc3 Nc7 19.a4 Nd7 20.Rb1 Rb8 21.Rxb8+ Nxb8 22.Ng3 Qh4 23.Qf3 Nc6
24.f5 Ne7 25.Rb1 Kd7 26.Ng4 Nc6 27.f6 Rg8 28.fxg7 Rxg7 29.Nf6+ Kc8 30.Nf5 exf5
31.Qxf5+ Ne6 32.Ne8 Qg4 33.Nd6+ Kd8 34.Qf6+ Ne7 35.Nxf7+ Kc8 36.Nd6+ Kd7
37.Rb2 Qg3 38.Qxh6 Qxc3 39.Rb7+ Kc6 40.Qxe6 Qe1+  1-0

[Event "Hastings7980"]
[Site "Hastings"]
[Date "1979.??.??"]
[Round "10"]
[White "Short, Nigel D"]
[Black "Biyiasas, Peter"]
[Result "1-0"]
[WhiteElo "2260"]
[BlackElo "2485"]

1.e4 e5 2.Nf3 Nc6 3.Bb5 a6 4.Ba4 d6 5.d4 b5 6.Bb3 Nxd4 7.Nxd4 exd4 8.c3 Bb7
9.cxd4 Nf6 10.f3 Be7 11.O-O O-O 12.Be3 c5 13.Nc3 Re8 14.Qe1 Bf8 15.Rd1 c4
16.Bc2 Nd7 17.d5 g6 18.Qg3 Qc7 19.a3 Bg7 20.f4 Nc5 21.e5 Nd3 22.Bxd3 cxd3
23.Rxd3 dxe5 24.f5 Qc4 25.Rd2 Rad8 26.h4 a5 27.h5 Rd6 28.fxg6 fxg6 29.h6 Bf6
30.Bg5 Bxg5 31.Qxg5 b4 32.Nd1 Rxd5 33.Ne3 Qc5 34.Rdf2 Rdd8 35.Ng4 Rf8 36.Nf6+ Kh8
37.Ne4 Qd4 38.Qxe5+  1-0

[Event "Hastings7980"]
[Site "Hastings"]
[Date "1979.??.??"]
[Round "13"]
[White "Bellin, Robert"]
[Black "Short, Nigel D"]
[Result "1/2-1/2"]
[WhiteElo "2425"]
[BlackElo "2260"]

1.Nf3 Nf6 2.g3 g6 3.b3 Bg7 4.Bb2 O-O 5.Bg2 c5 6.c4 Nc6 7.O-O d6 8.d4 cxd4
9.Nxd4 Bd7 10.Nc3 Qa5 11.e3  1/2-1/2

[Event "Hastings7980"]
[Site "Hastings"]
[Date "1979.??.??"]
[Round "14"]
[White "Giorgadze, Tamaz"]
[Black "Short, Nigel D"]
[Result "1-0"]
[WhiteElo "2535"]
[BlackElo "2260"]

1.e4 e6 2.d4 d5 3.Nd2 Nf6 4.e5 Nfd7 5.c3 c5 6.Bd3 b6 7.Ne2 Ba6 8.Bxa6 Nxa6
9.O-O b5 10.Nf3 Nb6 11.h4 Qd7 12.h5 h6 13.Nh2 b4 14.f4 bxc3 15.bxc3 Nc4 16.Ng4 cxd4
17.cxd4 Be7 18.Rf3 Rc8 19.Ng3 Nc7 20.f5 exf5 21.Nxf5 Ne6 22.Kh1 Rc6 23.Qd3 Rb6
24.Rf2 Rg8 25.Rb1 Qc6 26.Rxb6 axb6 27.Rf1 Qa8 28.Qf3 Rf8 29.Nxg7+ Nxg7 30.Bxh6 Ne6
31.Bxf8 Ng5 32.Nf6+ Kxf8 33.Qg4 Bxf6 34.exf6 Ne6 35.h6 Ke8 36.h7 Kd7 37.Qg8  1-0

[Event "Wch U20"]
[Site "Dortmund"]
[Date "1980.??.??"]
[Round "2"]
[White "Short, Nigel D"]
[Black "Santo Roman, Marc"]
[Result "1/2-1/2"]
[WhiteElo "2360"]
[BlackElo "2205"]

1.e4 c5 2.Nf3 e6 3.c3 d5 4.exd5 Qxd5 5.d4 cxd4 6.cxd4 Nf6 7.Nc3 Qd6 8.Bd3 Nc6
9.O-O Nb4 10.Bb5+ Bd7 11.Ne5 Bxb5 12.Nxb5 Qb6 13.Qa4 Nc6 14.Nc4 Qd8 15.Bf4 Nd5
16.Nbd6+ Bxd6 17.Nxd6+ Kf8 18.Nxb7 Qb6 19.Nc5 Ke7 20.Bg3 Rac8 21.Bh4+ Nf6
22.Bxf6+ gxf6 23.Nb3 Rhd8 24.Rfd1 Rd6 25.d5 Rcd8 26.Qh4 Rxd5 27.Rxd5 Rxd5
28.Qxh7 Nb4 29.Qe4  1/2-1/2

[Event "Wch U20"]
[Site "Dortmund"]
[Date "1980.??.??"]
[Round "10"]
[White "Akesson, Ralf"]
[Black "Short, Nigel D"]
[Result "0-1"]
[WhiteElo "2230"]
[BlackElo "2360"]

1.c4 b6 2.d4 e6 3.e4 Bb7 4.Bd3 f5 5.exf5 Bxg2 6.Qh5+ g6 7.fxg6 Bg7 8.gxh7+ Kf8
9.Bg5 Nf6 10.Qh4 Nc6 11.Ne2 Bxh1 12.Nd2 e5 13.Ng3 e4 14.Bxe4 Bxe4 15.Ngxe4 Rxh7
16.Qf4 Nxd4 17.Bxf6 Bxf6 18.Nxf6 Qe7+ 19.Nde4 Rh4 20.Ng4+ Qf7 21.Qg3 Re8
22.Kf1 Qxc4+ 23.Kg2 Nf5 24.Qa3+ d6  0-1

[Event "BCF-ch"]
[Site "Morecambe"]
[Date "1981.08.05"]
[Round "3"]
[White "Lewis, Andrew P"]
[Black "Short, Nigel D"]
[Result "0-1"]
[WhiteElo "2200"]
[BlackElo "2440"]

1.c4 e6 2.Nc3 Nf6 3.Nf3 b6 4.e4 Bb7 5.Bd3 c5 6.e5 Ng8 7.Be4 Bxe4 8.Nxe4 Nc6
9.O-O f5 10.Nc3 Nh6 11.d4 cxd4 12.Nxd4 Nxd4 13.Bxh6 Nc6 14.Re1 gxh6 15.Qh5+ Ke7
16.Nd5+ exd5 17.cxd5 Nxe5 18.f4 Bg7 19.fxe5 Rf8 20.Rad1 b5 21.Kh1 Qb6 22.d6+ Ke6
23.Qh4 Rae8 24.Qh3 Qc6 25.Rc1 Qd5 26.b3 Kf7 27.Qxf5+ Kg8 28.Qxd7 Rxe5 29.Rxe5 Bxe5
30.Qg4+ Kh8 31.d7 Bc7 32.Rd1 Qd6 33.Qh5 Qxd7  0-1

[Event "BCF-ch"]
[Site "Morecambe"]
[Date "1981.08.06"]
[Round "4"]
[White "Short, Nigel D"]
[Black "Littlewood, Paul E"]
[Result "1/2-1/2"]
[WhiteElo "2440"]
[BlackElo "2435"]

1.e4 c5 2.Nf3 d6 3.d4 cxd4 4.Qxd4 Bd7 5.c4 Nc6 6.Qd2 Nf6 7.Nc3 g6 8.b3 Bg7
9.Bb2 O-O 10.h3 a6 11.Rb1 Qa5 12.a3 b5 13.b4 Qb6 14.cxb5 axb5 15.Be2 Rfd8
16.O-O Ne5 17.Nxe5 dxe5 18.Qg5 Bc6 19.Bf3 Qb7 20.Rfe1 Rd3 21.Rbd1 Rad8 22.Qxe5 Nxe4
23.Rxd3 Rxd3 24.Qxg7+ Kxg7 25.Nxe4+ Kf8 26.Nc5 Bxf3  1/2-1/2

[Event "BCF-ch"]
[Site "Morecambe"]
[Date "1981.08.08"]
[Round "6"]
[White "Short, Nigel D"]
[Black "Pritchett, Craig William"]
[Result "0-1"]
[WhiteElo "2440"]
[BlackElo "2395"]

1.e4 c5 2.Nf3 e6 3.b3 d6 4.g3 Nf6 5.d3 Be7 6.Bg2 O-O 7.O-O Nc6 8.Nbd2 Bd7
9.Bb2 Rc8 10.Nc4 b5 11.Ne3 Qb6 12.h3 Rfd8 13.g4 Be8 14.Nh2 Nd7 15.Kh1 Bf6
16.Bxf6 Nxf6 17.g5 Nd7 18.Nhg4 Nde5 19.f4 Nxg4 20.Nxg4 Kh8 21.f5 exf5 22.exf5 Ne5
23.f6 Nxg4 24.Qxg4 Bc6 25.Qh5 Bxg2+ 26.Kxg2 Qc6+ 27.Kh2 Qd5 28.Rae1 Re8 29.c4 bxc4
30.bxc4 Qb7 31.Rb1 Qd7 32.Rf4 Rb8 33.Rbf1 Rb2+ 34.Kg1 Re3 35.Rh4 Rg3+ 36.Kh1 Qb7+
37.Re4 gxf6 38.gxf6 Rf2 39.Qd1 Rxd3 40.Qg4 Rxf1+ 41.Kg2 Rxf6  0-1

[Event "BCF-ch"]
[Site "Morecambe"]
[Date "1981.08.10"]
[Round "7"]
[White "Martin, Andrew D"]
[Black "Short, Nigel D"]
[Result "0-1"]
[WhiteElo "2345"]
[BlackElo "2440"]

1.d4 Nf6 2.Nf3 g6 3.c4 d6 4.Nc3 Bg4 5.g3 Bxf3 6.exf3 Bg7 7.Bg2 O-O 8.O-O c6
9.d5 c5 10.Re1 Na6 11.Bg5 Nc7 12.Qd2 a6 13.a4 Rb8 14.Bh3 Re8 15.Re2 b5 16.cxb5 axb5
17.axb5 Nxb5 18.Nxb5 Rxb5 19.Ra7 Rb4 20.Qe1 h6 21.Bc1 Bf8 22.f4 Qb8 23.Ra3 Nxd5
24.Bd7 Rd8 25.Bc6 Rd4 26.f5 gxf5 27.Rd2 Rxd2 28.Qxd2 Nf6 29.Qf4 Qb4 30.Qxb4 cxb4
31.Rb3 Rc8  0-1

[Event "BCF-ch"]
[Site "Morecambe"]
[Date "1981.08.11"]
[Round "8"]
[White "Short, Nigel D"]
[Black "Mooney, David P"]
[Result "1-0"]
[WhiteElo "2440"]
[BlackElo "2215"]

1.e4 e5 2.Nf3 Nc6 3.Bb5 a6 4.Ba4 Nf6 5.O-O Be7 6.Re1 b5 7.Bb3 O-O 8.c3 d6
9.h3 h6 10.d4 Re8 11.Nbd2 Bf8 12.a3 Bb7 13.Bc2 Nb8 14.b4 Nbd7 15.Bb2 Qb8
16.Nh4 c5 17.f4 cxd4 18.cxd4 Qd8 19.fxe5 dxe5 20.Ndf3 Qb6 21.Kh1 Rad8 22.d5 g6
23.Bc1 Rc8 24.Be3 Qd8 25.Bf2 Nb6 26.Nd2 Nfd7 27.Nb3 Nc4 28.Nf3 a5 29.Nxa5 Nxa5
30.bxa5 Qxa5 31.Be3 Qc3 32.Bd3 Qa5 33.Qe2 Nc5 34.Bxc5 Rxc5 35.Reb1 Rec8 36.Bxb5 Rc2
37.Qe1 Qxe1+ 38.Nxe1 R2c3 39.a4 R8c7 40.a5 Bc5 41.a6 Ba8 42.Nd3 Bd4 43.d6 Rc8
44.d7 Rd8 45.Rc1 Kf8 46.Rxc3 Bxc3 47.Rc1 Bd4 48.Nb4 Bxe4 49.Rc8 Ke7 50.Bc6 Bxc6
51.Rxd8 Bxg2+ 52.Kxg2 Kxd8 53.Nc6+ Kxd7 54.Nxd4 Kc7 55.Nf3 f6 56.Nh4 g5 57.Nf5 e4
58.Nxh6 Kb6 59.Nf5 Kxa6 60.Nd6 e3 61.Kf3 Kb6 62.Kxe3 Kc6 63.Ne4  1-0

[Event "BCF-ch"]
[Site "Morecambe"]
[Date "1981.08.13"]
[Round "10"]
[White "Short, Nigel D"]
[Black "Bellin, Robert"]
[Result "0-1"]
[WhiteElo "2440"]
[BlackElo "2390"]

1.e4 c5 2.Nf3 e6 3.b3 d6 4.Bb2 Nf6 5.d3 Be7 6.g3 O-O 7.Bg2 Nc6 8.O-O Qc7
9.Nc3 a6 10.Nd2 Nd7 11.f4 Bf6 12.g4 Bd4+ 13.Kh1 Qa5 14.Nc4 Qc7 15.Ne2 Bxb2
16.Nxb2 b5 17.Qd2 Bb7 18.Nd1 b4 19.Ne3 a5 20.g5 Nd4 21.Ng4 f5 22.gxf6 Nxf6
23.Ne3 d5 24.exd5 Nxe2 25.d6 Bxg2+ 26.Nxg2 Qxd6 27.Qxe2 Nd5 28.Qd2 Rf6 29.Rf2 Raf8
30.Raf1 Qc6 31.Kg1 a4 32.Qe1 a3 33.Qe4 Qd6 34.Qc4 Nc3 35.Re1 Qd5 36.Qxd5 exd5
37.Re5 Rf5 38.Rxf5 Rxf5  0-1

[Event "Brighton"]
[Site "Brighton"]
[Date "1981.??.??"]
[Round "3"]
[White "Tisdall, Jonathan D"]
[Black "Short, Nigel D"]
[Result "1/2-1/2"]
[WhiteElo "2415"]
[BlackElo "2440"]

1.d4 Nf6 2.c4 e6 3.Nf3 b6 4.g3 Bb7 5.Bg2 Bb4+ 6.Bd2 a5 7.O-O O-O 8.Bg5 Be7
9.Nc3 h6 10.Bxf6 Bxf6 11.e4 d6 12.Qd2 Nd7 13.Rfe1 Re8 14.Rad1 Be7 15.Qf4 Qc8
16.e5 dxe5 17.dxe5 Nc5 18.Bh3 Bf8 19.Bg4 Re7 20.Nd4 Qe8 21.Bf3 Rd7 22.Bxb7 Nxb7
23.Qf3 Nc5 24.Nc6 Rd3 25.Rxd3 Nxd3 26.Qxd3 Qxc6 27.Rd1 Bc5 28.Qe4 Qxe4 29.Nxe4 Kf8
30.Nxc5 bxc5 31.Rd7 Rc8 32.Rd3 Rb8 33.Ra3 Rxb2 34.Rxa5 Ke7 35.Rxc5 Kd7 36.Ra5 Rc2  1/2-1/2

[Event "Brighton"]
[Site "Brighton"]
[Date "1981.??.??"]
[Round "4"]
[White "Short, Nigel D"]
[Black "Conquest, Stuart"]
[Result "1-0"]
[WhiteElo "2440"]
[BlackElo "2210"]

1.e4 c5 2.Nf3 e6 3.b3 a6 4.Bb2 d6 5.d4 cxd4 6.Nxd4 Nf6 7.Nc3 Be7 8.Qf3 Nc6
9.O-O-O Nxd4 10.Rxd4 e5 11.Rd2 O-O 12.Kb1 b5 13.Qe2 b4 14.Nd1 Qc7 15.f3 a5
16.Ne3 Be6 17.Qf2 a4 18.Bc4 Ra5 19.Qe2 Qa7 20.Bxe6 fxe6 21.Nc4 Ra6 22.Qe3 Qc7
23.Rhd1 Rfa8 24.Ba1 Rc6 25.g3 Nd7 26.f4 axb3 27.cxb3 Rxc4 28.bxc4 Ra3 29.Qe2 Nc5
30.fxe5 dxe5 31.Qh5 h6 32.Qxe5 Qxe5 33.Bxe5 Nxe4 34.Rd7 Bf8 35.Rd8 b3 36.axb3 Rxb3+
37.Kc2 Rf3 38.R1d7 Rf2+ 39.Kd1 Rf1+ 40.Ke2 Rf2+ 41.Ke3  1-0

[Event "Brighton"]
[Site "Brighton"]
[Date "1981.??.??"]
[Round "7"]
[White "Short, Nigel D"]
[Black "Westerinen, Heikki MJ"]
[Result "1/2-1/2"]
[WhiteElo "2440"]
[BlackElo "2425"]

1.e4 e5 2.Nf3 Nc6 3.Bb5 a6 4.Ba4 d6 5.O-O Bd7 6.c3 g6 7.d4 Bg7 8.Na3 Nf6
9.Bc2 Bg4 10.d5 Ne7 11.Nc4 O-O 12.h3 Bd7 13.a4 h6 14.b4 Nh5 15.Re1 f5 16.exf5 Bxf5
17.Ne3 Bxc2 18.Nxc2 Qd7 19.c4 Rf7 20.a5 Raf8 21.Ra3 Nf4 22.Nd2 c6 23.dxc6 Qxc6
24.Ne4 d5 25.cxd5 Nexd5 26.Bxf4 Rxf4 27.Rd3 Rxe4 28.Rxe4 Nc3 29.Rxc3 Qxc3
30.Qe2 Rc8 31.Ne3 Kh7 32.Kh2 Qb3 33.Qd2 Qc3 34.Qd1 Qc1 35.Qb3 Qc3 36.Qb1 Qc1
37.Qa2 Qc3 38.f3 Rc6 39.Qd5 Rc7 40.Ng4 Qb2 41.Qd6 Rc2 42.Ne3 Re2 43.Rg4 Qb1
44.Nd1 Re1 45.Nf2 h5 46.Rc4 Qf5 47.h4 e4 48.Rc5 Qf8 49.Qd2 Qb8+ 50.g3 Rb1
51.Nxe4 Rb2 52.Rc2 Rxc2 53.Qxc2 Qe8 54.Ng5+ Kh8 55.Qd3 Bf6 56.Ne4 Qe7 57.Qd2 Bg7
58.Kg2 Bf8 59.Nc5 Qf7 60.Nd3 Kh7 61.Qc2 Bd6 62.Qe2 Qc7 63.f4 Qc4 64.Qf3 Kh6
65.Qe3 Qc2+ 66.Kf3 Qd1+ 67.Ke4 Kh7 68.Qb6 Qh1+ 69.Kd4 Bf8 70.Kc4 Qe4+ 71.Qd4 Qc6+
72.Kb3 Qf3 73.Qd7+ Bg7 74.Kc4 Qe4+ 75.Kb3 Qf3 76.Kc4  1/2-1/2

[Event "Brighton"]
[Site "Brighton"]
[Date "1981.??.??"]
[Round "9"]
[White "Short, Nigel D"]
[Black "Taulbut, Shaun M"]
[Result "1-0"]
[WhiteElo "2440"]
[BlackElo "2420"]

1.e4 e5 2.Nf3 Nc6 3.Bb5 Nf6 4.Qe2 a6 5.Bxc6 dxc6 6.O-O Be7 7.Nc3 Nd7 8.d4 exd4
9.Nxd4 O-O 10.Rd1 Qe8 11.Bf4 Bd8 12.Bg3 Nf6 13.h3 b6 14.f4 Bb7 15.Nf3 c5
16.e5 Nh5 17.Bh2 f5 18.Rd2 Qe6 19.Rad1 g6 20.Nd5 b5 21.c4 c6 22.Ne3 Be7 23.b3 Rad8
24.a4 h6 25.Rxd8 Rxd8 26.Rxd8+ Bxd8 27.Qd3 Be7 28.Kf2 bxa4 29.bxa4 Bc8 30.g4 Ng7
31.Bg3 g5 32.Ke2 Qf7 33.fxg5 hxg5 34.Bh2 Be6 35.Nd2 Qg6 36.Kf2 Qf7 37.Kg2 Qf8
38.Nb3 Qc8 39.Kf3 f4 40.Nc2 Qb8 41.Qc3 Qd8 42.Nd2 Bf7 43.Na1 Ne6 44.Bg1 Bg6
45.Nab3 Kf7 46.Bf2 Qh8 47.Ke2 Qd8 48.Nf3 Qh8 49.Ne1 Kg8 50.Kf1 Qh7 51.Kg1 Bf8
52.Kh2 Qd7 53.Nd2 Nd4 54.Qb2 Nc2 55.Nef3 Ne3 56.Qb6 Bf7 57.Ne4 Qd1 58.Qxc6 Qf1
59.Ne1 Qxc4 60.Nf6+ Kh8 61.Qd7 Qe6 62.Qd3 Bg8 63.Qg6 Qf7 64.Qxg5 Nf1+ 65.Kg2  1-0

[Event "Hamburg op"]
[Site "Hamburg"]
[Date "1981.??.??"]
[Round "3"]
[White "Short, Nigel D"]
[Black "Petursson, Margeir"]
[Result "1-0"]
[WhiteElo "2440"]
[BlackElo "2460"]

1.e4 c5 2.g3 g6 3.Bg2 Bg7 4.h4 h5 5.Nh3 Nc6 6.d3 Nf6 7.Nc3 d6 8.Ng5 Rb8 9.O-O b5
10.Ne2 b4 11.d4 cxd4 12.Nxd4 Nxd4 13.Qxd4 Qc7 14.Be3 O-O 15.e5 dxe5 16.Qxa7 Qxa7
17.Bxa7 Rb5 18.a4 bxa3 19.bxa3 Nd5 20.a4 Ra5 21.Bxd5 Rxa7 22.a5 e6 23.Bb3 e4
24.Ra2 Rd8 25.Nxe4 Bb7 26.Nc5 Bf3 27.a6 Rc8 28.Nxe6 Bc3 29.Nf4 Rd8 30.Ra3 Be5
31.Bxf7+ Rxf7 32.Rxf3 Ra8 33.Ra3 Bxf4 34.gxf4 Rxf4 35.Rb1 Rg4+ 36.Kf1 Rxh4
37.Rb7 Rf4 38.a7 Rf7 39.Rb8+ Rf8 40.Rxa8 Rxa8 41.Ke2 Kf7 42.Kd3 Ke6 43.Kc4 Kd6
44.Kb5 Kc7 45.Ka6 Re8 46.Rc3+ Kd7 47.Kb7  1-0

[Event "Hamburg op"]
[Site "Hamburg"]
[Date "1981.??.??"]
[Round "6"]
[White "Short, Nigel D"]
[Black "Radulov, Ivan"]
[Result "1-0"]
[WhiteElo "2440"]
[BlackElo "2465"]

1.e4 c5 2.g3 Nc6 3.Bg2 g6 4.Ne2 Bg7 5.O-O e6 6.c4 Nge7 7.Nbc3 O-O 8.d3 d6
9.a3 b6 10.Be3 e5 11.Rb1 Be6 12.b4 Qd7 13.Nd5 Rae8 14.f4 Nd4 15.bxc5 Nxe2+
16.Qxe2 dxc5 17.fxe5 Bg4 18.Qd2 Nxd5 19.cxd5 Rxe5 20.d4 cxd4 21.Bxd4 Re7
22.Bxg7 Kxg7 23.Qd4+ Kg8 24.Rbc1 Bh3 25.Bxh3 Qxh3 26.d6 Rd7 27.e5 Re8 28.Rf6 Qh5
29.Rc7 Red8 30.e6 fxe6 31.Rxe6 Qf5 32.Qc4 Qf7 33.Rxd7 Rxd7 34.Re8+ Kg7 35.Qd4+ Kh6
36.Qe3+ Kg7 37.Qe5+ Kh6 38.Re7 Qf3 39.Rxd7 Qd1+ 40.Kg2 Qe2+ 41.Qxe2  1-0

[Event "Hamburg op"]
[Site "Hamburg"]
[Date "1981.??.??"]
[Round "9"]
[White "Short, Nigel D"]
[Black "Kirov, Nino"]
[Result "0-1"]
[WhiteElo "2440"]
[BlackElo "2430"]

1.e4 c5 2.g3 d5 3.exd5 Qxd5 4.Nf3 Bg4 5.Bg2 Qe6+ 6.Kf1 Nc6 7.h3 Bh5 8.Nc3 Qd7
9.d3 e6 10.Be3 Nf6 11.a4 Be7 12.a5 Rd8 13.b3 O-O 14.Kg1 Qc7 15.Qd2 Nd5 16.Nxd5 exd5
17.Kh2 Bd6 18.Rhe1 Rfe8 19.Kg1 Nb4 20.d4 Bxf3 21.dxc5 Be5 22.Bxf3 Bxa1 23.Rxa1 Nc6
24.Bxd5 Qd7 25.Bxc6 Qxc6 26.Qc3 a6 27.b4 Rd7 28.Kh2 Red8 29.g4 Qf3 30.Qe5 h6
31.Qf5 Qc6 32.c3 Rd5 33.Qc2 Rd3 34.Rg1 Qe4 35.Bc1 Rxh3+  0-1